| 000 | 00808nam a2200229 a 4500 | ||
|---|---|---|---|
| 999 |
_c11151 _d11151 |
||
| 001 | 11151 | ||
| 003 | BD-JhCC | ||
| 005 | 20190921080418.0 | ||
| 008 | 190603b 2015bg |||| ||a| 001 0 ben d | ||
| 020 | _a9879849133391 | ||
| 035 | _a(BD-JhCC)11151 | ||
| 040 |
_aBD-JhCC _dBD-JhCC |
||
| 041 | _aben | ||
| 082 |
_bMIS 2015 _a891.442 |
||
| 100 | _aমিশু, সানজিদা হক | ||
| 245 |
_aবাংলাদশের নাটক: _bবিদ্রোহ আখ্যান ও শিল্পবৈচিত্র্য / _cসানজিদা হক মিশু । |
||
| 260 |
_aঢাকা: _bরোদেলা প্রকাশনী; _c২০১৫. |
||
| 300 |
_a২০৭ পৃঃ . : _c২২ সেমি. |
||
| 650 | _aBengali Drama | ||
| 942 |
_2ddc _cBK |
||